| 000 | 00456nam a22001577a 4500 | ||
|---|---|---|---|
| 008 | 230627b |||||||| |||| 00| 0 eng d | ||
| 020 | _a978-1-59339-428-8 | ||
| 040 |
_aNational Science Library _cNational Science Library |
||
| 080 |
_aR 912(100) _bP8 |
||
| 245 | _aEncyclopaedia britannica world atlas | ||
| 260 |
_aChicago: _bEncyclopaedia Britannica, _c2008 |
||
| 300 | _axxv, 366p. | ||
| 650 | _aAtlas | ||
| 653 | _aGeography | ||
| 942 |
_2udc _cMP |
||
| 999 |
_c47541 _d47541 |
||